000 00451nam a2200169Ia 4500
008 090711s9999 xx 000 0 und d
082 _b30056
100 _aबेडेकर मालतीबाई
245 _aउमा
260 _c1966
300 _a94
600 _aबेडेकर मालतीबाई
630 _aउमा
700 _aबेडेकर मालतीबाई
730 _aउमा
942 _cBOOK
999 _c299860
_d299860